000 00492nam a2200169 i 4500
001 56990
003 ES-MaACL
005 20230906163506.0
007 t|
008 031014s1967 sp ||||1| spa d
245 0 0 _aDirectorio del ecumenismo /
_cpresentación de Johannes Willebrands.
250 _aEd. bilingüe latino-castellana.
260 _aMadrid :
_bP.P.C.,
_c1967.
300 _a65 p. ;
_c19 cm.
700 1 _aWillebrands, Johannes.
_9116887
852 _aES-MaACL
_jC-32625
_bR.63306
999 _c56990
_d56990